[Event "Weekend B"]
[Site "Milano ITA"]
[Date "2003.02.22"]
[Round "1"]
[White "Mei, Gianluca"]
[Black "Di Paola, Antonio"]
[Result "1-0"]
[WhiteElo "1579"]
[BlackElo "1377"]
[PlyCount "43"]
[EventDate "2003.02.22"]

1. e4 c6 2. d4 d5 3. exd5 cxd5 4. c4 Nf6 5. Nc3 Nc6 6. Bg5 Be6 7. Nf3 Bg4 8.
Bxf6 exf6 9. cxd5 Nb8 10. Bb5+ Nd7 11. O-O Be7 12. h3 Bxf3 13. Qxf3 O-O 14.
Rfe1 a6 15. Bd3 b5 16. Ne4 Nb6 17. Ng3 Nxd5 18. Be4 Nb6 19. Nf5 Ra7 20. Nxg7
Kxg7 21. Qg4+ Kh6 22. Qh4+ 1-0

[Event "Weekend B"]
[Site "Milano ITA"]
[Date "2003.02.23"]
[Round "2"]
[White "Ferraris, Fulvio"]
[Black "Mei, Gianluca"]
[Result "1-0"]
[WhiteElo "1657"]
[BlackElo "1579"]
[PlyCount "89"]
[EventDate "2003.02.22"]

1. d4 d5 2. c4 dxc4 3. Nc3 e5 4. Nf3 exd4 5. Qxd4 Qxd4 6. Nxd4 c6 7. Bf4 Nf6 8.
e3 Nd5 9. Bxb8 Rxb8 10. Bxc4 Bb4 11. Bxd5 cxd5 12. O-O Bxc3 13. bxc3 Bd7 14.
Rab1 O-O 15. Rfd1 Rfc8 16. Ne2 Be6 17. a3 Rc5 18. Rd4 b6 19. Ra4 a5 20. Rd4 Rc6
21. Rb5 Rc5 22. Rb1 Rc6 23. g4 Rc4 24. h3 b5 25. f4 f5 26. Rxc4 dxc4 27. Nd4
Kf7 28. gxf5 Bd5 29. Rxb5 Rxb5 30. Nxb5 Kf6 31. Nd4 Be4 32. Kf2 Ke7 33. Kg3 Kf6
34. Kg4 h5+ 35. Kxh5 Bxf5 36. Kh4 g6 37. Kg3 Be4 38. h4 Bd5 39. Kf2 Be4 40. Ne2
Ke6 41. Ng3 Kd5 42. Ke2 Bg2 43. h5 gxh5 44. Nxh5 Be4 45. Nf6+ 1-0

[Event "Weekend B"]
[Site "Milano ITA"]
[Date "2003.02.22"]
[Round "3"]
[White "Mei, Gianluca"]
[Black "Molteni, Costantino"]
[Result "1-0"]
[WhiteElo "1579"]
[BlackElo "1573"]
[PlyCount "53"]
[EventDate "2003.02.22"]

1. e4 Nf6 2. e5 Nd5 3. c4 Nb6 4. d4 d6 5. f4 dxe5 6. fxe5 Nc6 7. Be3 Bf5 8. Nc3
e6 9. Nf3 Qd7 10. d5 Nb4 11. Nd4 exd5 12. cxd5 Bg4 13. e6 Bxd1 14. exd7+ Kxd7
15. Rxd1 Re8 16. Bb5+ c6 17. dxc6+ bxc6 18. Nxc6+ Kc7 19. Nxb4 Rxe3+ 20. Kf2
Re5 21. Ncd5+ Kb7 22. Bc6+ Kb8 23. Na6+ Kc8 24. Rhe1 Rf5+ 25. Kg1 Bc5+ 26. Nxc5
Nxd5 27. Bd7+ 1-0

[Event "Weekend B"]
[Site "Milano ITA"]
[Date "2003.03.01"]
[Round "4"]
[White "Libutti, Michele"]
[Black "Mei, Gianluca"]
[Result "0-1"]
[WhiteElo "1612"]
[BlackElo "1579"]
[PlyCount "98"]
[EventDate "2003.02.22"]

1. d4 d5 2. c4 dxc4 3. Nc3 e5 4. d5 c6 5. e4 Bb4 6. Bxc4 Nf6 7. Bg5 Qa5 8. Bd2
O-O 9. a3 Bxc3 10. Bxc3 Qc5 11. Qe2 cxd5 12. exd5 Re8 13. Bb4 Qb6 14. h3 Na6
15. Bxa6 bxa6 16. Qc4 Bb7 17. Rd1 Rac8 18. Qe2 Nxd5 19. Rxd5 Bxd5 20. Bc3 Rc4
21. f3 Rc6 22. Qd2 Bb3 23. Qf2 Qc7 24. Ne2 Qb6 25. O-O Rd6 26. Qxb6 axb6 27.
Kf2 Rd1 28. Rxd1 Bxd1 29. Ng3 Ba4 30. Ne4 Bc6 31. Nd6 Re6 32. Nc4 f6 33. Nxb6
Bxf3 34. Kxf3 Rxb6 35. Ke4 Rd6 36. Ke3 Kf7 37. Ke2 Ke6 38. Kf3 g6 39. Ke3 f5
40. Kf3 Rd3+ 41. Ke2 e4 42. Kf2 Kd5 43. Ke2 Kc4 44. Bd4 Kb3 45. Bc3 Kc2 46. Be5
Rb3 47. Bd4 Rxb2 48. Bxb2 Kxb2 49. a4 Kb3 0-1

[Event "Weekend B"]
[Site "Milano ITA"]
[Date "2003.03.02"]
[Round "5"]
[White "Mei, Gianluca"]
[Black "Perna, Vincenzo"]
[Result "1-0"]
[WhiteElo "1579"]
[BlackElo "1543"]
[PlyCount "61"]
[EventDate "2003.02.22"]

1. e4 c6 2. d4 d5 3. exd5 cxd5 4. c4 Nf6 5. Nc3 Nc6 6. Bg5 dxc4 7. Bxc4 Qxd4 8.
Nb5 Qe5+ 9. Ne2 Qb8 10. Qb3 e6 11. Bf4 Bb4+ 12. Kf1 e5 13. Bxf7+ Ke7 14. Bg5
Rd8 15. Nec3 a6 16. Na3 Qd6 17. Bc4 Be6 18. Bxe6 Bxc3 19. Bf5 g6 20. Nc4 Qb4
21. Nxe5 Qxb3 22. Nxc6+ bxc6 23. axb3 Bxb2 24. Re1+ Kf7 25. Be6+ Kg7 26. g3 c5
27. Kg2 Bd4 28. Bc4 a5 29. Re7+ Kf8 30. Rhe1 Rd7 31. Bh6# 1-0

[Event "Weekend B"]
[Site "Milano ITA"]
[Date "2003.03.03"]
[Round "6"]
[White "Vittadini, Attilio"]
[Black "Mei, Gianluca"]
[Result "1-0"]
[WhiteElo "1645"]
[BlackElo "1579"]
[PlyCount "61"]
[EventDate "2003.02.22"]

1. e4 e5 2. Nf3 Nc6 3. Bb5 d6 4. d4 Bd7 5. Nc3 Nf6 6. Qd3 Be7 7. Bxc6 Bxc6 8.
dxe5 dxe5 9. Nxe5 Qxd3 10. cxd3 Rd8 11. Nxc6 bxc6 12. Ke2 O-O 13. Be3 a6 14.
Rac1 Ng4 15. Na4 Nxe3 16. fxe3 Rd6 17. Rc4 Rfd8 18. d4 Rg6 19. g3 h5 20. Kf3 h4
21. g4 Rb8 22. b3 Rb5 23. e5 c5 24. d5 Kf8 25. Nc3 Rb8 26. Ne4 a5 27. h3 Ra6
28. Nxc5 Bxc5 29. Rxc5 a4 30. Rhc1 axb3 31. axb3 1-0